All Swiss Cantons - Statistics

General Stats
  • This quiz has been taken 224 times
  • The average score is 16 of 26
Answer Stats
Answer % Correct
Zurich
93%
Bern
88%
Geneve
74%
Saint Gall
71%
Aargau
69%
Vaud
69%
Lucerne
67%
Valais
67%
Basel-Stadt
66%
Schwyz
66%
Ticino
66%
Uri
65%
Jura
61%
Neuchatel
61%
Appenzell Innerrhoden
60%
Fribourg
60%
Appenzell Ausserrhoden
59%
Zug
58%
Obwalden
56%
Nidwalden
55%
Thurgau
55%
Solothurn
53%
Basel-Landschaft
50%
Schaffhausen
49%
Glarus
46%
Grisons
42%
No matching quizzes found
Score Distribution
Percent of People with Each Score
Percentile by Number Answered
Your Score History
You have not taken this quiz